|
|
|
|
| LEADER |
01827nam a2200349 i 4500 |
| 001 |
10089944 |
| 003 |
upatras |
| 005 |
20220411135146.0 |
| 008 |
110627s1994 f eng d |
| 952 |
|
|
|0 0
|1 0
|2 ddc
|4 0
|6 882_130000000000000_ΕΥΡ
|7 0
|9 80396
|a LISP
|b LISP
|c BSC
|d 2016-04-24
|i 005246
|l 4
|m 3
|o 882.13 ΕΥΡ
|p 025000142898
|r 2019-09-09 00:00:00
|s 2019-06-28
|t 2
|v 2016.00
|w 2016-04-24
|y BK15
|z Απωλεσθέν
|x Μεταφορά Τμήματος Φιλολογίας
|
| 952 |
|
|
|0 0
|1 0
|2 ddc
|4 0
|6 882_130000000000000
|7 0
|9 97762
|a THST
|b THST
|d 2016-04-24
|i 02091
|l 3
|m 1
|o 882.13
|p 025000264341
|q 2025-03-26
|r 2024-09-27 11:38:16
|s 2024-09-27
|t 1
|w 2016-04-24
|y BK15
|
| 999 |
|
|
|c 65650
|d 65650
|
| 020 |
|
|
|a 0521410711
|
| 040 |
|
|
|a GR-PaULI
|c GR-PaULI
|b gre
|e AACR2
|
| 041 |
1 |
|
|a eng
|h grc
|
| 082 |
1 |
4 |
|a 882.13
|2 ΕΕΒ
|
| 100 |
1 |
|
|9 1682
|a Ευριπίδης,
|d 480-406
|e συγγραφέας
|
| 240 |
1 |
0 |
|a Φόνισσαι
|
| 245 |
1 |
0 |
|a Phoenissae :
|c Euripides; edited with introduction and commentary by Donald J. Mastronarde
|
| 246 |
1 |
3 |
|a Euripides Phoenissae
|
| 260 |
|
|
|a Cambridge :
|b Cambridge University Press,
|c 1994.
|
| 300 |
|
|
|a viii, 673 σ.;
|c 23 εκ..
|
| 490 |
1 |
|
|a Cambridge classical texts and commentaries
|v 29
|
| 500 |
|
|
|a First publ.: B.G. Teubner, Leipzig, 1988.
|
| 504 |
|
|
|a Περιλαμβάνει βιβλιογραφία και ευρετήριο
|
| 600 |
0 |
4 |
|9 57861
|a Ευριπίδης
|d 480-406
|x Ερμηνεία και κριτική
|
| 700 |
1 |
|
|a Mastronarde, Donald J.,
|d 1948-
|e επιμελητής
|e συγγραφέας εισαγωγής
|9 63045
|
| 830 |
|
0 |
|a Cambridge classical texts and commentaries
|9 161292
|
| 852 |
|
|
|a GR-PaULI
|b ΠΑΤΡΑ
|b ΘΕΑΤΡΟΛΟΓΙΑ
|k ΑΣΧΞ-3
|h 882.13
|m 02091
|p 025000015563
|t 1
|
| 942 |
|
|
|2 ddc
|c BK15
|
| 998 |
|
|
|c ΜΑΝΙΑ
|d 2011-06
|
| 998 |
|
|
|c ΣΑΤΛΑΝΗΣ
|d 2021-03
|